000 00665nam a2200241Ia 4500
003 OSt
005 20221007074227.0
006 a|||||r|||| 00| 0
007 ta
008 221006b |||||||| |||| 00| 0 eng d
024 _a14,312
037 _cTextual
040 _aFLL
_cFLL
_beng
041 _2eng
_aeng
082 _aW691.1(Y:4), M3
100 _aChirkin V. Au.
_9692755
245 0 _aA socialist-oriented state
260 _aMoscow
_bProgress publishers Moscow
_c1983
300 _a237p
_ccm.
700 _a Yudin Y. Au.
_9692756
942 _hW691.1(Y:4), M3
_cTEXL
_2CC
999 _c1151608
_d1151608